Arnold Heim, un geólogo suizo en la cuenca del Lago Buenos Aires, General Carrera : relato de su viaje por la Región de Aysén y el Lago Buenos Aires, General Carrera, Puerto Cristal y dos expediciones al Campo de Hielo Norte /

Bibliographic Details
Main Author: Heim, Arnold
Other Authors: Staub, Wolfgang
Format: Libro
Language:Spanish
Published: Chile Nativa 2010
Subjects:
Online Access:

MARC

LEADER 00000cam a2200000 a 4500
001 022343
003 UAHC_CL
005 20170803122115.0
008 140826s2010 cl g 000 spa
020 |a 9789563323948 
040 |a UAHC_CL  |c UAHC_CL  |d UAHC_CL 
082 0 4 |a 918.337  |b H467  |2 20 
082 0 4 |a 372.891  |b C376  |2 20 
100 1 |a Heim, Arnold 
245 1 0 |a Arnold Heim, un geólogo suizo en la cuenca del Lago Buenos Aires, General Carrera :  |b relato de su viaje por la Región de Aysén y el Lago Buenos Aires, General Carrera, Puerto Cristal y dos expediciones al Campo de Hielo Norte /  |c investigación Wolfgang Staub. 
260 |b Nativa  |a Chile  |c 2010 
300 |a 112 p. 
500 |a Extracto del libro "Sudamérica, vivencias en la naturaleza de Chile, Argentina y Bolivia", de Arnold Heim, publicado en alemán en 1953". 
505 0 |a Rumbo al Campo de Hielo Patagónico. Travesía por los fiordos hacia Puerto Aysén. Viaje hacia el Ventisquero San Rafael. Cruce de los Andes. A través de la pampa argentina. Camino a Chile Chico. Descubrimientos en el Lago Buenos Aires. Trayecto hacia el Lago León. En kayak hacia el Ventisquero León. Regreso -- II. Nuevamente bajo el hechizo del San Valentín-Preámbulos. Rumbo al sur. Novedades en el gran lago. En el hogar de nuestros amigos, los ovejeros. Otra vez el clima. En ruta hacia el Campo de Hielo Norte por el Ventisquero Cristal. Nueva retirada. En la última cima. Dos récords. Resultados. Primera ascención del San Valentín. 
650 4 |a GEOGRAFIA 
650 4 |a DESCUBRIMIENTOS Y EXPLORACIONES  |z CHILE 
651 4 |a HEIM, ARNOLD  |x VIAJES  |z CHILE  |z DECIMOPRIMERA REGION 
700 1 |a Staub, Wolfgang 
900 |a 918.337 HEI 
942 |c BK 
952 |0 0  |1 0  |4 0  |6 918_337000000000000_HEI  |7 0  |8 General  |9 44426  |a BC  |b BC  |c General  |d 2017-08-03  |l 0  |o 918.337 HEI  |p 1408393  |r 2026-01-13 00:00:00  |t 1  |w 2017-08-03  |y BK 
952 |0 0  |1 0  |4 0  |6 918_337000000000000_HEI  |7 0  |8 General  |9 44427  |a BC  |b BC  |c General  |d 2017-08-03  |l 0  |o 918.337 HEI  |p 1301436  |r 2017-08-03 00:00:00  |t 2  |w 2017-08-03  |y BK 
999 |c 22343  |d 22343